Alter ego + (méthode de français) cahier d'activités 4/B2

Salvato in:
Dettagli Bibliografici
Autore principale: Lainé, Emmanuel
Altri autori: Richard, Dominique
Natura: Libro
Lingua:francese
Pubblicazione: Paris Hachette/Français langue étrangère 2015
Soggetti:
Tags: Aggiungi Tag
Nessun Tag, puoi essere il primo ad aggiungerne!!

MARC

LEADER 00000nam a2200000 4500
001 0248266
005 20240315120348.3
020 |a 978-2-01-401551-5 
041 0 |a fre 
044 |a FR 
245 1 0 |a Alter ego + (méthode de français) cahier d'activités 4/B2  |c Emmanuel Lainé, Dominique Richard ...[et al.] 
264 1 |a Paris  |b Hachette/Français langue étrangère  |c 2015 
300 |a 127 s.  |e 1 CD-ROM 
610 2 0 |a jazykoveda 
610 2 0 |a terminológia 
610 2 0 |a jazyky cudzie 
610 2 0 |a francúzština 
610 2 0 |a gramatika 
100 1 |a Lainé, Emmanuel 
700 1 |a Richard, Dominique